Chemical and Environmental Behaviour of Materials, Recycling of Metals
En este conjunto de animaciones se introducen los usos de las corrientes de Foucault (eddy currents) en el reciclaje de metales. Incluye los siguientes elementos:An eddy current separatorLaboratory de-tinning process, step by stepRecycling of motor copper: pre-recycling separation video
Gespeichert in:
| Weitere Verfasser: | , , |
|---|---|
| Format: | Buch |
| Sprache: | Englisch |
| Schlagworte: | |
| Online-Zugang: | Chemical and Environmental Behaviour of Materials, Recycling of Metals |
| Tags: |
Tag hinzufügen
Keine Tags, Fügen Sie den ersten Tag hinzu!
|
MARC
| LEADER | 00000nam a22000004a 4500 | ||
|---|---|---|---|
| 001 | vpro10290 | ||
| 005 | 20201223000000.0 | ||
| 008 | 160720s2016 ck # g## #001 0#eng#d | ||
| 020 | |||
| 022 | |||
| 040 | |a CO-BoINGC | ||
| 041 | 0 | |a eng | |
| 245 | 1 | 0 | |a Chemical and Environmental Behaviour of Materials, Recycling of Metals |
| 246 | |a Comportamiento qum̕ico y ambiental de materiales: reciclaje de metales | ||
| 264 | |a Bogot ̀(Colombia) : |b Revista VirtualPRO, |c 2016 | ||
| 520 | 3 | |a En este conjunto de animaciones se introducen los usos de las corrientes de Foucault (eddy currents) en el reciclaje de metales. Incluye los siguientes elementos:An eddy current separatorLaboratory de-tinning process, step by stepRecycling of motor copper: pre-recycling separation video | |
| 650 | \ | \ | |a Materiales |
| 650 | \ | \ | |a TecnologƯ̕a de los materiales |
| 650 | \ | \ | |a Materials |
| 650 | \ | \ | |a Materials engineering |
| 650 | \ | \ | |a ciencia de materiales |
| 650 | \ | \ | |a reciclaje de metales |
| 650 | \ | \ | |a corrientes de Foucault |
| 650 | \ | \ | |a proceso de remocin̤ de estaǫ |
| 650 | \ | \ | |a cobre |
| 650 | \ | \ | |a separador |
| 650 | \ | \ | |a materials science |
| 650 | \ | \ | |a metal recycling |
| 650 | \ | \ | |a eddy currents |
| 650 | \ | \ | |a de-tinning |
| 650 | \ | \ | |a copper |
| 650 | \ | \ | |a separator |
| 700 | \ | \ | |a Vasant Kumar R. |
| 700 | \ | \ | |a Mather Kathy |
| 700 | \ | \ | |a DoITPoMS, University of Cambridge |
| 856 | |z Chemical and Environmental Behaviour of Materials, Recycling of Metals |u https://virtualpro.unach.elogim.com/biblioteca/comportamiento-quimico-y-ambiental-de-materiales-reciclaje-de-metales | ||